Badland Hunters 2024 / directed by Heo Myeong-haeng ; produced by Byun Seung-min, Ma Dong-seok ; edited by Nam Na-yeong, Ha Mi-ra. (Record no. 20988)

000 -LEADER
fixed length control field 01045nam a22002777a 4500
008 - FIXED-LENGTH DATA ELEMENTS--GENERAL INFORMATION
fixed length control field 250529b xxu||||| |||| 00| 0 eng d
040 ## - CATALOGING SOURCE
Original cataloging agency Cagayan State University
082 ## - DEWEY DECIMAL CLASSIFICATION NUMBER
Classification number 791.4372
Item number B2146 2024
245 ## - TITLE STATEMENT
Title Badland Hunters 2024 / directed by Heo Myeong-haeng ; produced by Byun Seung-min, Ma Dong-seok ; edited by Nam Na-yeong, Ha Mi-ra.
260 ## - PUBLICATION, DISTRIBUTION, ETC. (IMPRINT)
Place of publication, distribution, etc South Korea :
Name of publisher, distributor, etc Climax Studio,
Date of publication, distribution, etc 2024.
300 ## - PHYSICAL DESCRIPTION
Extent 1 video file (ca. 107 mins.) ;
Other physical details sound, color.
520 ## - SUMMARY, ETC.
Summary, etc After a major earthquake, Seoul, South Korea, transforms into an apocalyptic wasteland where everything from civilization to law and order has collapsed.
546 ## - LANGUAGE NOTE
Language note Korea
650 ## - SUBJECT ADDED ENTRY--TOPICAL TERM
Topical term or geographic name as entry element Action.
650 ## - SUBJECT ADDED ENTRY--TOPICAL TERM
Topical term or geographic name as entry element Science fiction.
650 ## - SUBJECT ADDED ENTRY--TOPICAL TERM
Topical term or geographic name as entry element Adventure.
650 ## - SUBJECT ADDED ENTRY--TOPICAL TERM
Topical term or geographic name as entry element Drama.
700 ## - ADDED ENTRY--PERSONAL NAME
Personal name Dong-seok, Ma star.
700 ## - ADDED ENTRY--PERSONAL NAME
Personal name Hee-joon, Lee star.
700 ## - ADDED ENTRY--PERSONAL NAME
Personal name Jun-young, Lee star.
700 ## - ADDED ENTRY--PERSONAL NAME
Personal name Jeong-eui, Roh star.
700 ## - ADDED ENTRY--PERSONAL NAME
Personal name Na-yeong, Nam editor.
700 ## - ADDED ENTRY--PERSONAL NAME
Personal name Mi-ra, Ha editor.
700 ## - ADDED ENTRY--PERSONAL NAME
Personal name Bong-sun, Byun cinematography.
942 ## - ADDED ENTRY ELEMENTS (KOHA)
Source of classification or shelving scheme
Item type Audio-Visual Materials
Holdings
Source of acquisition Price effective from Permanent location Date last seen Not for loan Date acquired Source of classification or shelving scheme Koha item type Collection code Shelving location Damaged status Lost status Withdrawn status Current location Full call number
Donation2025-05-29Cagayan State University - Carig Library2025-05-29 2025-05-29 Audio-Visual MaterialsElectronic Media CenterElectronic Media Center   Cagayan State University - Carig Library791.4372 B2146 2024

Cagayan State University University Library, Carig Campus
Tuguegarao City, Cagayan 3500 | www.csucarig.edu.ph

Powered by Koha